| 000 | 00649nam a2200169 i 4500 | ||
|---|---|---|---|
| 001 | 81121 | ||
| 003 | ES-MaACL | ||
| 005 | 20230906174356.0 | ||
| 007 | t| | ||
| 008 | 041103q1952 sp ||||1| spa d | ||
| 100 | 1 |
_aHoyos Sáinz, Luis de, _d1868-1951 _964437 |
|
| 245 | 1 | 0 |
_aComentario del libro "Genetics and the races of man. An introduction to the modern physical antropology" / _cpor L. de Hoyos Sáinz. |
| 260 |
_aMadrid : _b[s.n., _c1952?] |
||
| 500 | _aEs separata de: Boletín de la Real Sociedad Española de Historia Natural. T. L, nº 1, 1952, (pág. 147-151) | ||
| 852 |
_aES-MaACL _j1973-F-10 _bR.37253 |
||
| 999 |
_c81121 _d81121 |
||